000 00996cam a2200337 i 4500
999 _c10178
_d10178
001 17840972
003 GZU
005 20211110120751.0
008 130731s2014 moua 001 0 eng
010 _a 2013030733
020 _a9781455772346 (pbk.)
035 _a(DNLM)101613802
040 _aDNLM/DLC
_cDLC
_erda
_dDLC
042 _apcc
050 0 0 _aQP34.5
_b.HER 2014
100 1 _aHerlihy, Barbara L.,
_eauthor.
245 1 4 _aThe human body in health and illness /
_cBarbara Herlihy.
250 _a5 edition.
264 1 _aSt. Louis, Missouri :
_bElsevier Saunders,
_c[2014]
300 _axiv,562pages :
_bcolor illustrations ;
_c28 cm
336 _atext
_2rdacontent
337 _aunmediated
_2rdamedia
338 _avolume
_2rdacarrier
500 _aIncludes index.
650 1 2 _aPhysiology.
650 2 2 _aHealth.
650 2 2 _aPathology.
906 _a7
_bcbc
_corignew
_d1
_eecip
_f20
_gy-gencatlg
942 _2lcc
_cBK
_e5th edition
_h34.5
_iHER
_kQP